Giáo trình luật dân sự Việt Nam T.1

Khái quát chung về luật dân sự Việt Nam. Quan hệ pháp luật dân sự, giao dịch dân sự, các hình thức đại diện trong pháp luật, thời hạn và thời hiệu liên quan tới luật dân sự, cùng những quy định khác về tài sản, quyền sở hữu, thừa kế...

ver descrição completa

Na minha lista:
Detalhes bibliográficos
Autor principal: Đinh, Văn Thanh
Outros Autores: Phạm, Công Lạc
Formato: Livro
Idioma:Undetermined
Publicado em: H. CAND 2009
Assuntos:
Acesso em linha:http://lrc.tdmu.edu.vn/opac/search/detail.asp?aID=2&ID=7399
Tags: Adicionar Tag
Sem tags, seja o primeiro a adicionar uma tag!
Thư viện lưu trữ: Trung tâm Học liệu Trường Đại học Thủ Dầu Một
LEADER 01156nam a2200229Ia 4500
001 TDMU_7399
008 210410s9999 xx 000 0 und d
082 |a 346.597 
090 |b Đ312 
100 |a Đinh, Văn Thanh 
245 0 |a Giáo trình luật dân sự Việt Nam 
245 0 |c Đinh Văn Thanh,Nguyễn Minh Tuấn 
245 0 |n T.1 
260 |a H. 
260 |b CAND 
260 |c 2009 
300 |a 355tr 
520 |a Khái quát chung về luật dân sự Việt Nam. Quan hệ pháp luật dân sự, giao dịch dân sự, các hình thức đại diện trong pháp luật, thời hạn và thời hiệu liên quan tới luật dân sự, cùng những quy định khác về tài sản, quyền sở hữu, thừa kế; LU Luật Dân sự 2; LU Trách nhiệm dân sự ngoài hợp đồng 
650 |a Giáo trinh; Luật dân sự; Việt Nam 
700 |a Phạm, Công Lạc 
856 |u http://lrc.tdmu.edu.vn/opac/search/detail.asp?aID=2&ID=7399 
980 |a Trung tâm Học liệu Trường Đại học Thủ Dầu Một